| 000 | 01788cam a22003734i 4500 | ||
|---|---|---|---|
| 003 | PE-LiUPU | ||
| 005 | 20250731184058.0 | ||
| 008 | 150623s1993 xxu r 000 0 eng d | ||
| 020 | _a1883053021 | ||
| 035 | _a(Sirsi) i9781883053024 | ||
| 040 |
_aPE-LiUPU _bspa _cPE-LiUPU _erda |
||
| 049 | _aPRUA | ||
| 082 | 0 | 4 |
_a809.935 22 _bR116w _223 |
| 100 | 1 |
_aRabinowitz, Isaac, _eautor. _d1909-1988 |
|
| 245 | 1 | 2 |
_aA witness forever : _bancient Israel's perception of literature and the resultant Hebrew Bible / _cIsaac Rabinowitz ; edited with afterwords by Ross Brann and David I. Owen. |
| 264 | 1 |
_aBethesda, MD : _bCDL Press, _c1993. |
|
| 300 |
_a148 páginas ; _c24 centímetros. |
||
| 336 |
_atext _2rdacontent |
||
| 337 |
_aunmediated _2rdamedia |
||
| 338 |
_avolume _2rdacarrier |
||
| 505 | 0 | _aAncient Israel's belief about words: how the creators of the Hebrew Bible perceived the medium of literature -- Ancient Israel's belief about the literary process -- Some "Anomalous" literary and rhetorical consequences of ancient Israel's perception of literature -- Textual consequences of ancient Israel's conceptions of "Holy words" -- The nature and function of the book of the Upright: an ancient lietrary forerunner of the Hebrew Bible -- The Hebrew scriptures as a literary unit. | |
| 526 | _aP145 | ||
| 526 | _aP127 | ||
| 526 | _aP97 | ||
| 526 | _aP14 | ||
| 526 | _aP07 | ||
| 630 | 0 | 4 |
_aBiblia. _pA.T. _xCrítica, interpretación, etc. |
| 630 | 0 | 4 |
_aBiblia. _pA.T. _xFuentes. |
| 650 | 1 | 4 | _aBiblia como literatura. |
| 942 |
_2ddc _cBK _n0 |
||
| 949 |
_a809.935 22 R116w _wDEWEY _c1 _i44863 _lCCODEBUL1 _mBUL _r0 _sY _tBOOK _u2015-6-24 _xTEOLOGIA _0COMPRA _o.STAFF. Colección Teología |
||
| 980 |
_81 _gALBERTO SANCHEZ Responsable de Automatización |
||
| 999 |
_c21738 _d21738 |
||